| 000 | 00607nam a22002177a 4500 | ||
|---|---|---|---|
| 005 | 20170124110044.0 | ||
| 010 | _a850094 | ||
| 020 | _c50.00 | ||
| 035 | _a850094 | ||
| 037 | _bCen Lib/Ret | ||
| 040 |
_aDPL _bEN |
||
| 082 |
_a881 _bAHM |
||
| 100 |
_aAhmad Shah _9102182 |
||
| 245 |
_aBijak of kabir / _cby Ahmad Shah |
||
| 260 |
_aNew Delhi _bAsian publications seriveces _c1977 |
||
| 270 |
_bNew Delhi _aA-28, East of kailash _e110006 |
||
| 300 |
_aiv,236p. _c21cm(Hb) |
||
| 650 |
_aLiterature _96262 |
||
| 650 |
_aCritical literature _9102183 |
||
| 942 |
_2ddc _cEN _h881 _mAHM |
||
| 999 |
_c128708 _d128708 |
||